Normal view
MARC view
Entry Personal Name
001 - CONTROL NUMBER
- control field: 246578
003 - CONTROL NUMBER IDENTIFIER
- control field: OSt
005 - DATE AND TIME OF LATEST TRANSACTION
- control field: 20251121163233.0
008 - FIXED-LENGTH DATA ELEMENTS
- fixed length control field: 251121|| aca||aabn | a|a d
040 ## - CATALOGING SOURCE
- Original cataloging agency: OSt
- Transcribing agency: OSt
100 ## - HEADING--PERSONAL NAME
- Personal name: YASHAVANTA CHITTALA
- Dates associated with a name: ಯಶವಂತ ಚಿತ್ತಾಲ
670 ## - SOURCE DATA FOUND
- Source citation: Work cat.: (OSt)180153: YASHAVANTA CHITTALA ಯಶವಂತ ಚಿತ್ತಾಲ, Shikari., 1983